| 000 | 00546nam a22001937a 4500 | ||
|---|---|---|---|
| 003 | KOHA_MİRAKIL | ||
| 005 | 20250417175703.0 | ||
| 008 | 250417b tu ||||| |||| 00| 0 tur d | ||
| 020 | _a9789751042521 | ||
| 040 |
_aTR-AnABB _btur _cTR-AnABB |
||
| 041 | _atur | ||
| 082 |
_a813.42 _bLIV 2023 |
||
| 100 | 1 | _aLivaneli, Ömer Zülfü, | |
| 245 | 1 | 0 |
_aKardeşimin hikayesi / _cZülfü Livaneli |
| 260 |
_aİstanbul : _bİnkılap Yayınevi, _c2023 |
||
| 300 |
_a276 sayfa ; _c22 cm |
||
| 650 | 0 | 4 | _aTürk edebiyatı, roman |
| 942 |
_2ddc _cBK |
||
| 999 |
_c8782 _d8782 |
||
| 900 | _bGizem YORULMAZ | ||